000 00620nam a2200241Ia 4500
003 OSt
005 20220925220048.0
006 a|||||r|||| 00| 0
007 ta
008 220923b |||||||| |||| 00| 0 eng d
037 _cGeneral Book
040 _aRTL
_cRTL
_beng
041 _2eng
_aeng
082 _aU2, K4
100 _aHorrocks N K
_993904
245 0 _aPhysical geography and climatology
250 _a2nd
260 _aLondon
_bLongman
_c1964
300 _axiv,370p.
_ccm.
650 _aPhysical Geography
942 _hU2, K4
_cGB
_2CC
999 _c570447
_d570447